| 000 | 00374cam a2200169ua 4500 | ||
|---|---|---|---|
| 001 | 10026 | ||
| 008 | 190417n II |||gr||||Z||||||eng | ||
| 040 | _aMAIN | ||
| 041 | _aEnglish | ||
| 082 | _a640 SHA | ||
| 100 | _aSHARON, MICHAEL. | ||
| 245 | _aNUTRIENTS A TO Z | ||
| 260 |
_aKOLKATA _bRUPA & CO. |
||
| 300 | _a279. | ||
| 653 | _aHome & family management | ||
| 942 | _cBK | ||
| 999 |
_c9997 _d9997 |
||